000 01082nam a2200337 a 4500
001 vtls000067956
003 NLI
005 20210601192627.0
008 101125s2002 enka 001 0 eng
020 _a0199250685 :
_cUSD 65.00
020 _a0199250693 (pbk)
039 9 _y201011250703
_zVLOAD
040 _aNLI
_beng
_cVTLS
_eAACR2
041 0 _aeng
044 _aenk
082 0 4 _a415
245 0 0 _aSyntactic effects of morphological change /
_cedited by David W. Lightfoot
260 _aOxford :
_bThe University Press,
_c2002
300 _ax, 409 p. :
_bill. ;
_c24 cm.
500 _aIncludes index
504 _aBibliography: p. 381-404
650 0 _aGrammar, Comparative and general
_xMorphosyntax
_9165239
700 1 _aLightfoot, David W.,
_4edt
_9144012
887 _a
901 _a542463
_b30.09.2002
902 _aE415 Sy78l
906 _a0001088
949 _AVIRTUAITEM
_D10000
_X100
_6PUR000542463ENG
942 _2ddc
_cBKS
999 _aVIRTUA00
_c71982
_d71982
999 _aVTLSSORT0080*0200*0201*0400*0410*0440*0820*2450*2600*3000*5000*5040*6500*7000*9010*9020*9060*9490*9991